USA Metro Areas with more large cities Quiz Stats

Quiz not verified by Sporcle

Challenge
Share
Tweet
Embed
Score 0/33 Timer 07:00
0 Plays Today
Metro Rank Metro Area % Correct
1New York
99.7%
2Los Angeles
99.2%
3Chicago
97.8%
4Dallas
97.5%
5Houston
96.2%
8Miami
95.8%
11San Francisco
95.3%
10Boston
93.9%
15Seattle
93%
13Phoenix
91.2%
7Washington
90.8%
17San Diego
90%
11Detroit
89.9%
16Minneapolis
87.7%
21Denver
85.6%
24Portland
84.6%
18Tampa
83.5%
Metro Rank Metro Area % Correct
30Kansas City
82.9%
31Las Vegas
78.2%
34San Jose
73%
36Nashville
72.8%
35Austin
70.9%
25Sacramento
70.3%
42Oklahoma City
68.5%
47Raleigh
67.6%
50Salt Lake City
63.2%
37Virginia Beach
62.4%
12Riverside
56.6%
73Greensboro
29.6%
62New Haven
25.6%
57Bridgeport
24.6%
66Oxnard
12.2%
123Vallejo
4%

You're not logged in!

Compare scores with friends on all Sporcle quizzes.
Sign Up with Email
OR
Log In

You Might Also Like...

Show Comments

Extras

Top Quizzes Today


Score Distribution

Your Account Isn't Verified!

In order to create a playlist on Sporcle, you need to verify the email address you used during registration. Go to your Sporcle Settings to finish the process.

Report this User

Report this user for behavior that violates our Community Guidelines.

Details: